Normal view
MARC view
Entry Personal Name
001 - CONTROL NUMBER
- control field: 48976
003 - CONTROL NUMBER IDENTIFIER
- control field: dpl
005 - DATE AND TIME OF LATEST TRANSACTION
- control field: 20120613151126.0
008 - FIXED-LENGTH DATA ELEMENTS
- fixed length control field: 120613|||a|||||| | ||| d
040 ## - CATALOGING SOURCE
- Original cataloging agency: dpl
- Transcribing agency: dpl
100 ## - HEADING--PERSONAL NAME
- Personal name: Agarwal, S.K.
670 ## - SOURCE DATA FOUND
- Source citation: Work cat.: (dpl): Agarwal, S.K., Air pollution /, 2005
670 ## - SOURCE DATA FOUND
- Source citation: Work cat.: (dpl): Agarwal, S.K., Air pollution /, 2005
